Clinical companion to Lewis's medical surgical nursing : (Record no. 171566)

MARC details
000 -LEADER
fixed length control field 01082nam a22002897a 4500
003 - CONTROL NUMBER IDENTIFIER
control field OSt
005 - DATE AND TIME OF LATEST TRANSACTION
control field 20250407104039.0
008 - FIXED-LENGTH DATA ELEMENTS--GENERAL INFORMATION
fixed length control field 250407b |||||||| |||| 00| 0 eng d
020 ## - INTERNATIONAL STANDARD BOOK NUMBER
International Standard Book Number 9780323551557 (paperback)
040 ## - CATALOGING SOURCE
Original cataloging agency NUST
Language of cataloging eng
Transcribing agency NUST
Modifying agency NUST
Description conventions rda
050 ## - LIBRARY OF CONGRESS CALL NUMBER
Classification number RT41 CLI
245 ## - TITLE STATEMENT
Title Clinical companion to Lewis's medical surgical nursing :
Remainder of title assesment and management of clinical problems /
Statement of responsibility, etc. prepared by Debra Halger, Mariam M. Harding, Jeffrey Kwong, Dottie Roberts and Courtney Reiniseh.
250 ## - EDITION STATEMENT
Edition statement Eleveneeth edition.
260 ## - PUBLICATION, DISTRIBUTION, ETC.
Place of publication, distribution, etc. St. Louis, Missouri :
Name of publisher, distributor, etc. Elsevier,
Date of publication, distribution, etc. 2020.
300 ## - PHYSICAL DESCRIPTION
Extent xii, 802 pages :
Other physical details Illustrations ;
Dimensions 19 cm.
336 ## - CONTENT TYPE
Source rdamedia
Content type term text
Content type code txt
337 ## - MEDIA TYPE
Source rdamedia
Media type term unmediated
Media type code n
338 ## - CARRIER TYPE
Source rdamedia
Carrier type term volume
Carrier type code nc
504 ## - BIBLIOGRAPHY, ETC. NOTE
Bibliography, etc. note Includes index.
650 ## - SUBJECT ADDED ENTRY--TOPICAL TERM
Form subdivision Surgical nursing.
650 ## - SUBJECT ADDED ENTRY--TOPICAL TERM
Form subdivision Nursing.
650 ## - SUBJECT ADDED ENTRY--TOPICAL TERM
Form subdivision Perioperative Nursing.
700 ## - ADDED ENTRY--PERSONAL NAME
Personal name Hagler, Dedra
Relator term Author
700 ## - ADDED ENTRY--PERSONAL NAME
Personal name Harding, Mariam M
Relator term Author
700 ## - ADDED ENTRY--PERSONAL NAME
Personal name Kwong, Jeffrey
Relator term Author
942 ## - ADDED ENTRY ELEMENTS (KOHA)
Source of classification or shelving scheme Library of Congress Classification
Koha item type Ordinary Loan Books
Edition Eleveneeth edition.
Classification part RT41 CLI
Call number prefix RT
Call number suffix CLI
Suppress in OPAC No
Holdings
Withdrawn status Lost status Source of classification or shelving scheme Damaged status Not for loan Collection Home library Current library Shelving location Date acquired Source of acquisition Cost, normal purchase price Total Checkouts Full call number Barcode Date last seen Accession number Cost, replacement price Price effective from Koha item type Public note
    LCC     NFIC MEDICAL MEDICAL GEN 04/07/2025 Book Aid International 40.00   RT41 CLI 92004054171 04/07/2025 62024 40.00 04/07/2025 BOOKS Donation
    LCC     NFIC MEDICAL MEDICAL GEN 04/07/2025 Book Aid International 40.00   RT41 CLI 92004054460 04/07/2025 62021 40.00 04/07/2025 BOOKS Donation
    LCC     NFIC MEDICAL MEDICAL GEN 04/07/2025 Book Aid International 40.00   RT41 CLI 92004054413 04/07/2025 62023 40.00 04/07/2025 BOOKS Donation
    LCC     NFIC MEDICAL MEDICAL GEN 04/07/2025 Book Aid International 40.00   RT41 CLI 92004054145 04/07/2025 62022 40.00 04/07/2025 BOOKS Donation